000 00796cam a22002653 4500
001 30661
003 BD-RjUL
005 20211209051610.0
008 140410s1960 nyu b 001 0 eng d
035 _a(BD-RjUL)30748
040 _aDLC
_cDLC
_beng
_dBD-RjUL
041 _aeng
082 _a171
_bDET 1960
100 1 _aDewey, John,
_d1859-1952.
_92752
245 1 0 _aTheory of the moral life /
_cWith an introd. by Arnold Isenberg.
260 _aNew York :
_bHolt, Rinehart and Winston,
_c1960.
300 _a179 p. ;
_c21 cm.
500 _a"Part II of Dewey and Tufts' Ethics, from the revised edition of 1932."
504 _aIncludes bibliography. and Index
650 0 _aEthics.
_993152
942 _2ddc
_cBK
999 _c30661
_d30661